<?xml version="1.0" encoding="UTF-8"?>
<record
    xmlns:xsi="http://www.w3.org/2001/XMLSchema-instance"
    xsi:schemaLocation="http://www.loc.gov/MARC21/slim http://www.loc.gov/standards/marcxml/schema/MARC21slim.xsd"
    xmlns="http://www.loc.gov/MARC21/slim">

  <leader>00541nam a22001817a 4500</leader>
  <controlfield tag="007">000</controlfield>
  <controlfield tag="008">170726b        xxu||||| |||| 00| 0 eng d</controlfield>
  <datafield tag="020" ind1=" " ind2=" ">
    <subfield code="a">0850861357</subfield>
  </datafield>
  <datafield tag="040" ind1=" " ind2=" ">
    <subfield code="a">UOEL</subfield>
  </datafield>
  <datafield tag="050" ind1=" " ind2=" ">
    <subfield code="a">HD7371</subfield>
    <subfield code="b">.A3C3</subfield>
  </datafield>
  <datafield tag="100" ind1=" " ind2=" ">
    <subfield code="a">Castells,M</subfield>
  </datafield>
  <datafield tag="245" ind1=" " ind2=" ">
    <subfield code="a">The Shek Kip Mei Syndrome/</subfield>
    <subfield code="b">economic development nd public housing in Hong Kong  and Singapore</subfield>
    <subfield code="c">M ,Castells</subfield>
  </datafield>
  <datafield tag="260" ind1=" " ind2=" ">
    <subfield code="a">London ;</subfield>
    <subfield code="b">P pion limited :</subfield>
    <subfield code="c">c1990.</subfield>
  </datafield>
  <datafield tag="300" ind1=" " ind2=" ">
    <subfield code="a">351 ,p ;</subfield>
    <subfield code="b">ill. ;</subfield>
  </datafield>
  <datafield tag="500" ind1=" " ind2=" ">
    <subfield code="a">includes bibliographical references</subfield>
  </datafield>
  <datafield tag="700" ind1=" " ind2=" ">
    <subfield code="a">Kwok,R Y-W</subfield>
  </datafield>
  <datafield tag="942" ind1=" " ind2=" ">
    <subfield code="2">lcc</subfield>
    <subfield code="c">SBK</subfield>
  </datafield>
  <datafield tag="999" ind1=" " ind2=" ">
    <subfield code="c">14621</subfield>
    <subfield code="d">14621</subfield>
  </datafield>
  <datafield tag="952" ind1=" " ind2=" ">
    <subfield code="0">0</subfield>
    <subfield code="1">0</subfield>
    <subfield code="2">lcc</subfield>
    <subfield code="4">0</subfield>
    <subfield code="7">0</subfield>
    <subfield code="a">UOE</subfield>
    <subfield code="b">UOE</subfield>
    <subfield code="c">GEN</subfield>
    <subfield code="d">2017-07-26</subfield>
    <subfield code="l">0</subfield>
    <subfield code="o">HD7371 .A3C3</subfield>
    <subfield code="p">10011702</subfield>
    <subfield code="r">2026-04-27 11:37:10</subfield>
    <subfield code="t">10011702</subfield>
    <subfield code="w">2017-07-26</subfield>
    <subfield code="y">SBK</subfield>
  </datafield>
  <datafield tag="952" ind1=" " ind2=" ">
    <subfield code="0">0</subfield>
    <subfield code="1">0</subfield>
    <subfield code="2">lcc</subfield>
    <subfield code="4">0</subfield>
    <subfield code="7">0</subfield>
    <subfield code="a">UOE</subfield>
    <subfield code="b">UOE</subfield>
    <subfield code="c">GEN</subfield>
    <subfield code="d">2017-07-26</subfield>
    <subfield code="l">0</subfield>
    <subfield code="o">HD7371 .A3C3</subfield>
    <subfield code="p">10011703</subfield>
    <subfield code="r">2026-04-27 11:37:09</subfield>
    <subfield code="t">10011703</subfield>
    <subfield code="w">2017-07-26</subfield>
    <subfield code="y">SBK</subfield>
  </datafield>
</record>
